|
|
|
|
| LEADER |
00000nab a2200000 a 4500 |
| 001 |
vtls000773051 |
| 003 |
SK-MaSNL |
| 005 |
20260304111227.0 |
| 008 |
250429c2001 xo 0 slo |
| 015 |
|
|
|a SNBRB2001/11-32136
|
| 035 |
|
|
|a CLN000124838
|
| 035 |
|
|
|a urn:nbn:sk:snk-ab6sze
|
| 035 |
|
|
|a (uuid)b2632878-8094-4f49-9002-5d631b071321
|
| 035 |
|
|
|a (urnnbn)urn:nbn:sk:snk:ar-a05oue
|
| 035 |
|
|
|a (sysno)vtls000773051
|
| 040 |
|
|
|a SNKBUCL
|b slo
|c SNKBUCL
|e AACR2
|
| 041 |
0 |
|
|a cze
|
| 044 |
|
|
|a xo
|c SK
|
| 080 |
|
|
|a 616-008.6
|2 1997
|
| 245 |
0 |
0 |
|a Fabryho choroba u 44-letého muže - popis případu
|c A. Křivanová ... [et al.]
|
| 611 |
1 |
7 |
|a Zjazd slovenských a českých reumatológov
|n (45. :
|d 2001 :
|c Trenčín, Slovensko)
|x referáty
|x abstrakty
|2 snkbucl
|9 845441
|
| 650 |
0 |
7 |
|a choroba Fabryho
|2 snkbucl
|9 1411098
|
| 655 |
|
7 |
|a články z novín a časopisov
|2 snkbucl
|9 267496
|
| 700 |
1 |
|
|a Křivanová, A.
|4 aut
|9 1133488
|
| 700 |
1 |
|
|a Fojtík, Zdeněk
|4 aut
|9 778820
|
| 700 |
1 |
|
|a Hoklová, J.
|4 aut
|9 1133956
|
| 700 |
1 |
|
|a Vorlíček, Jiří,
|d 1944-
|4 aut
|9 116001
|
| 711 |
1 |
|
|a Zjazd slovenských a českých reumatológov
|n (45. :
|d 2001 :
|c Trenčín, Slovensko)
|4 aut
|9 21755
|
| 773 |
0 |
|
|t Rheumatologia
|g Roč. 15, č. 3 (2001)
|g S. 138
|x 1210-1931
|x 1210-1931
|
| 773 |
0 |
|
|t [Príl.] 45. zjazd slovenských a českých reumatológov
|g Roč. 15, č. 3 (2001)
|g S. 138
|x 1210-1931
|x 1210-1931
|
| 850 |
|
|
|a Slovenská národná knižnica
|
| 852 |
|
|
|a Slovenská národná knižnica
|
| 958 |
|
|
|a article27
|
| 958 |
|
|
|a MI
|
| 958 |
|
|
|a OND
|
| 958 |
|
|
|a EUIPO
|
| 992 |
|
|
|a RBX
|
| 999 |
|
|
|c 2861981
|d 2863911
|